A comparative study of pond based and pond rice field based fish culture systems in romeas hek district svay rieng province, សិក្សាប្រៀបធៀបប្រព័ន្ធចិញ្ចឹមត្រីក្នុងស្រះ និងស្រះភ្ចាប់ស្រែ នៅស្រុករមាសហែក ខេត្តស្វាយរៀង, (Record no. 3690)
[ view plain ]
| 000 -LEADER | |
|---|---|
| fixed length control field | 00760nam a22001577a 4500 |
| 003 - CONTROL NUMBER IDENTIFIER | |
| control field | OSt |
| 005 - DATE AND TIME OF LATEST TRANSACTION | |
| control field | 20151120153657.0 |
| 008 - FIXED-LENGTH DATA ELEMENTS--GENERAL INFORMATION | |
| fixed length control field | 151120b xxu||||| |||| 00| 0 eng d |
| 040 ## - CATALOGING SOURCE | |
| Transcribing agency | RUA |
| 082 ## - DEWEY DECIMAL CLASSIFICATION NUMBER | |
| Classification number | FIS គង់ 1995 B159 Or.1 |
| 100 ## - MAIN ENTRY--PERSONAL NAME | |
| 9 (RLIN) | 3969 |
| Personal name | គង់ ជា |
| 245 ## - TITLE STATEMENT | |
| Title | A comparative study of pond based and pond rice field based fish culture systems in romeas hek district svay rieng province, សិក្សាប្រៀបធៀបប្រព័ន្ធចិញ្ចឹមត្រីក្នុងស្រះ និងស្រះភ្ចាប់ស្រែ នៅស្រុករមាសហែក ខេត្តស្វាយរៀង, |
| 260 ## - PUBLICATION, DISTRIBUTION, ETC. (IMPRINT) | |
| Place of publication, distribution, etc. | Phnom Penh |
| Name of publisher, distributor, etc. | RUA |
| Date of publication, distribution, etc. | 1995 |
| 300 ## - PHYSICAL DESCRIPTION | |
| Extent | 109. |
| Other physical details | ill. |
| Dimensions | 29cm. |
| 942 ## - ADDED ENTRY ELEMENTS (KOHA) | |
| Source of classification or shelving scheme | |
| Koha item type | FIS |
| Price effective from | Date last seen | Permanent Location | Not for loan | Date acquired | Source of classification or shelving scheme | Koha item type | Lost status | Withdrawn status | Date last checked out | Total Checkouts | Shelving location | Damaged status | Barcode | Current Location | Full call number |
|---|---|---|---|---|---|---|---|---|---|---|---|---|---|---|---|
| 2015-11-20 | 2015-11-20 | Library Block B | 2015-11-20 | FIS | B159 | RUA036699 | Library Block B | FIS គង់ 1995 B159 Or.1 | |||||||
| 2015-11-20 | 2015-11-20 | Library Block B | 2015-11-20 | FIS | B159 | RUA011762 | Library Block B | FIS គង់ 1995 B159 Or.2 | |||||||
| 2015-11-20 | 2015-11-20 | Library Block B | 2015-11-20 | FIS | B159 | RUA011046 | Library Block B | FIS គង់ 1995 B159 Or.3 | |||||||
| 2015-11-20 | 2015-11-20 | Library Block B | 2015-11-20 | FIS | B159 | RUA010158 | Library Block B | FIS គង់ 1995 B159 Or.4 | |||||||
| 2015-11-20 | 2017-01-18 | Library Block B | 2015-11-20 | FIS | 2016-12-13 | 1 | B159 | RUA011262 | Library Block B | FIS គង់ 1995 B159 Or.5 | |||||
| 2015-11-20 | 2015-11-20 | Library Block B | 2015-11-20 | FIS | B159 | RUA011829 | Library Block B | FIS គង់ 1995 B159 Or.6 | |||||||
| 2015-11-20 | 2015-11-20 | Library Block B | 2015-11-20 | FIS | B159 | RUA011492 | Library Block B | FIS គង់ 1995 B159 Or.7 | |||||||
| 2015-11-20 | 2015-11-20 | Library Block B | 2015-11-20 | FIS | B159 | RUA011406 | Library Block B | FIS គង់ 1995 B159 Or.8 | |||||||
| 2015-11-20 | 2015-11-20 | Library Block B | 2015-11-20 | FIS | B159 | RUA011334 | Library Block B | FIS គង់ 1995 B159 Or.9 |